Datum a čas kvízu
42
Celkem bodů
Celkový počet nahraných bodů na tomto kvízu bez doplňovacích otázek.
2.
Pořadí na kvízu
Konečné umístění týmu na tomto kvízu.
Zaznamenané odpovědi
| # | Otázka | Odpověď | Body | Výsledky |
|---|---|---|---|---|
| 1. | Na prvního Máje se konal jubil... | za porušení nočního klidu | 1 | |
| 2. | Slovenský premiér Robert Fico... | B) závozník v pekárně | 1 | |
| 3. | Která fiktivní česká loutková... | Hurvínek | 1 | |
| 4. | Který stát překvapivě a bez ko... | B | 1 | |
| 5. | Hokejisté klubu Dynamo Pardubi... | Roman Červenka | 1 | |
| 6. | Ve filmu Sedm sledujeme detekt... | závist (J. Doe), hněv (detektiv Mills) | 1 | |
| 7. | Tato fotka je známým interneto... | Americké psycho | 0 | |
| 8. | Karel Kopfrkingl, zaměstnanec... | (tibetský) buddhismus | 0 | |
| 9. | Přiřaďte zločince k jejich fil... | 1B 2A 3D 4C | 1 | |
| 10. | Mladý syn se poprvé přímo zapo... | Kmotr, Mario Puzo | 1 |